En el mundo de lo irreal / (Record no. 180698)

MARC details
000 -LEADER
campo de control de longitud fija 00690nam a2200217 i 4500
001 - NÚMERO DE CONTROL
campo de control 180698
003 - IDENTIFICADOR DE NÚMERO DE CONTROL
campo de control ES-MaACL
005 - FECHA Y HORA DE LA ÚLTIMA TRANSACCIÓN
campo de control 20250803093547.0
008 - DATOS DE LONGITUD FIJA--INFORMACIÓN GENERAL
campo de control de longitud fija 120626q1950 sp a |||| | spa d
080 ## - NÚMERO DE LA CLASIFICACIÓN DECIMAL UNIVERSAL
Número de la Clasificación Decimal Universal 088
100 1# - ENTRADA PRINCIPAL--NOMBRE DE PERSONA
Nombre de persona Bofarull, Jorge.
9 (RLIN) 150778
245 10 - MENCIÓN DEL TÍTULO
Título En el mundo de lo irreal /
Mención de responsabilidad, etc. Jorge Bofarull ; portada e ilustraciones de Coll.
260 ## - PUBLICACIÓN, DISTRIBUCIÓN, ETC.
Lugar de publicación, distribución, etc. Barcelona :
Nombre del editor, distribuidor, etc. Ediciones G.P.,
Fecha de publicación, distribución, etc. [ca. 1950]
300 ## - DESCRIPCIÓN FÍSICA
Extensión 64 p. :
Otras características físicas il. ;
Dimensiones 11 cm.
490 1# - MENCIÓN DE SERIE
Mención de serie Enciclopedia pulga ;
Designación de volumen o secuencia 32
650 #7 - PUNTO DE ACCESO ADICIONAL DE MATERIA--TÉRMINO DE MATERIA
Término de materia o nombre geográfico como elemento de entrada Curiosidades y maravillas
Fuente del encabezamiento o término embne
9 (RLIN) 11529
700 1# - ENTRADA AGREGADA--NOMBRE PERSONAL
Nombre de persona Coll, Alejandro.
9 (RLIN) 39607
830 1# - PUNTO DE ACCESO ADICIONAL DE SERIE-TÍTULO UNIFORME
Título uniforme Enciclopedia pulga ;
Designación de volumen o secuencia 32
9 (RLIN) 191296
852 4# - LOCALIZACIÓN
Ubicación ES-MaACL
Número de control de estantería 2311-F-12
Holdings
Estatus retirado Estado de pérdida Estado de daño No para préstamo Colección Biblioteca de origen Biblioteca actual Ubicación en estantería Fecha de adquisición Fuente de adquisición Total de préstamos Signatura topográfica completa Código de barras Visto por última vez Precio de reemplazo Tipo de ítem Koha
        Colección de folletos Biblioteca del Ateneo de Madrid Biblioteca del Ateneo de Madrid Depósito folletos 26/06/2012     2311-F-12 1189879 23/02/2023 23/02/2023 Folleto